Justicia abierta : aportes para una agenda en construcción /

Guardado en:
Autor Principal: Mercado, Gabriel.
Otros Autores: Elena, Sandra., (coord.)
Formato: Libro
Idioma:Spanish
Publicado: Ciudad Autónoma de Buenos Aires : SAIJ, 2018.
Edición:1a. ed.
Materias:
Etiquetas: Agregar Etiqueta
Sin Etiquetas, Sea el primero en etiquetar este registro!
LEADER 00555nam a22001695a 4500
001 DER.der013802
008 190219s2018####ag############000#0#spa#d
005 20260223094905.0
245 1 0 |a Justicia abierta :  |b aportes para una agenda en construcción /  |c coordinado por Sandra Elena. 
250 |a 1a. ed. 
260 |a Ciudad Autónoma de Buenos Aires :  |b SAIJ,  |c 2018. 
300 |a 304 p. 
020 |a 9789874196521 
100 1 |a Mercado, Gabriel. 
700 1 |a Elena, Sandra.,  |e coord. 
650 7 |a ACCESO A LA INFORMACION 
859 |a DERECHO  |b BIB. DERECHO  |h 342  |i JUS  |p 008895